| 000 | 00457nam a2200181Ia 4500 | ||
|---|---|---|---|
| 008 | 100920s9999 xx 000 0 und d | ||
| 082 |
_b32971 _a12 0 |
||
| 100 | _aKeene H.G. | ||
| 245 | _aSKETCHES IN INDIAN INK. | ||
| 260 |
_b--- _c0 |
||
| 300 |
_a272 _bसाधी |
||
| 365 | _b0 | ||
| 520 | _aएच.पी.सी. | ||
| 630 | _aSKETCHES IN INDIAN INK. | ||
| 650 | _aएच.पी.सी. | ||
| 730 | _aSKETCHES IN INDIAN INK. | ||
| 942 | _cBOOK | ||
| 999 |
_c687733 _d687730 |
||